Представление документа в формате MARC21

ПолеНазваниеЗначение
  Тип записи a
  Библиографический уровень m
001 Контрольный номер RU/URAIT/582069
005 Дата корректировки 20260429163652.1
008 Кодируемые данные 260429s2026 RU y f j 000 0 rus u
020 Индекс ISBN __
a ISBN 978-5-534-21786-5
c Цена, тираж 689.00
040 Источник каталогиз. __
a Служба первич. каталог. ИКО Юрайт
c Служба, преобразующая запись ИКО Юрайт
e Правила каталог. RCR
041 Код языка издания __
a Код языка текста rus
044 Код страны публикации __
a Код страны публикации RU
080 Индекс УДК __
a Индекс УДК 33(075.8)
084 Индекс другой классификации/Индекс ББК __
2 Источник индекса rubbk
a Индекс другой классификации/Индекс ББК 65я73
100 Автор __
a Автор Белый Е. М.
q Полное имя Белый Евгений Михайлович
245 Заглавие __
a Заглавие Экономическая безопасность: введение в специальность
b Продолж. заглавия учебник для вузов
c Ответственность Е. М. Белый, И. Б. Романова, Е. В. Рожкова.
250 Сведения об издании __
g пер. и доп
a Основные сведения об издании 4-е изд.
256 Характеристики компьютерного файла __
a Характеристики компьютерного файла Электрон. дан.
260 Выходные данные __
a Место издания Москва
b Издательство Юрайт
c Дата издания 2026
300 Физическое описание __
a Объем 124 с
440 Серия __
a Серия Высшее образование
500 Примечания __
a Примечание URL: https://urait.ru/bcode/582069 (дата обращения: 29.04.2026).
520 Аннотация __
a Аннотация Курс «Экономическая безопасность: введение в специальность» формирует у студентов целостное представление о системе экономической безопасности на уровне государства, организации и личности. В курсе рассматриваются ключевые понятия, функциональная структура и правовые основы безопасности, а также детально изучаются ее основные составляющие в компании. Особое внимание уделяется практической направленности: курс знакомит с актуальными профессиональными стандартами, компетенциями выпускника и широким спектром карьерных траекторий — от служб безопасности банков и внутреннего аудита до судебно-экспертной деятельности и риск-менеджмента. Курс будет полез в первую очередь студентам начальных курсов, обучающихся по специальности «Экономическая безопасность», а также тем, кто только делает выбор будущей профессии.
538 Прим. о системных особенностях __
a Прим. о системных особенностях Режим доступа: Электронно-библиотечная система Юрайт, для авториз. пользователей
653 Ключевые слова __
a Ключевые слова Национальная и экономическая безопасность
653 Ключевые слова __
a Ключевые слова Государственное и муниципальное управление
653 Ключевые слова __
a Ключевые слова Экономическая безопасность
653 Ключевые слова __
a Ключевые слова Экономическая безопасность предприятия
653 Ключевые слова __
a Ключевые слова Общая экономическая безопасность
653 Ключевые слова __
a Ключевые слова Введение в специальность "Экономическая безопасность"
653 Ключевые слова __
a Ключевые слова Основы экономической безопасности
653 Ключевые слова __
a Ключевые слова Теория экономической безопасности
653 Ключевые слова __
a Ключевые слова Экономическая безопасность. Общие вопросы
653 Ключевые слова __
a Ключевые слова Экономическая безопасность предприятий
653 Ключевые слова __
a Ключевые слова Введение в экономическую безопасность
653 Ключевые слова __
a Ключевые слова Экономическая безопасность предприятия (организации)
653 Ключевые слова __
a Ключевые слова Экономическая безопасность организации (предприятия)
653 Ключевые слова __
a Ключевые слова Экономическая безопасность предприятий (организаций)
653 Ключевые слова __
a Ключевые слова Введение в специальность "Экономико-правовое обеспечение экономической безопасности"
700 Другие авторы __
a Другие авторы Рожкова Е. В.
q Полное имя Рожкова Екатерина Владимировна
856 Электронный адрес документа 40
n Местонахождение сервера Юрайт
g Электронная книга
q Тип электронного формата html
h Имя пользователя ЮРАЙТ
v Часы доступа к ресурсу 20271231
2 Способ доступа Показать документ
x Служебное примечание https://urait.ru/book/cover/ACD0D490-F60A-44E8-9956-3E14F47454D8
u URL https://urait.ru/bcode/582069
856 Электронный адрес документа 48
q Тип электронного формата cover
u URL https://urait.ru/book/cover/ACD0D490-F60A-44E8-9956-3E14F47454D8
911 __
u 0030=https://urait.ru/bcode/582069
911 __
u 073a=9785534217865
u 073d=689.00
911 __
u 106a=s
911 __
u 900l=
952 Тип литературы __
i Дисциплина Экономическая безопасность
952 Тип литературы __
i Дисциплина Экономическая безопасность предприятия
952 Тип литературы __
i Дисциплина Общая экономическая безопасность
952 Тип литературы __
i Дисциплина Введение в специальность "Экономическая безопасность"
952 Тип литературы __
i Дисциплина Основы экономической безопасности
952 Тип литературы __
i Дисциплина Теория экономической безопасности
952 Тип литературы __
i Дисциплина Экономическая безопасность. Общие вопросы
952 Тип литературы __
i Дисциплина Экономическая безопасность предприятий
952 Тип литературы __
i Дисциплина Введение в экономическую безопасность
952 Тип литературы __
i Дисциплина Экономическая безопасность предприятия (организации)
952 Тип литературы __
i Дисциплина Экономическая безопасность организации (предприятия)
952 Тип литературы __
i Дисциплина Экономическая безопасность предприятий (организаций)
952 Тип литературы __
i Дисциплина Введение в специальность "Экономико-правовое обеспечение экономической безопасности"